Welcome to the Holygrace Academy Library

Please use search bar below to get started

MATH TRICKS, PUZZLES AND GAMES (Record no. 6708)

MARC details
000 -LEADER
fixed length control field 00334nam a22001457a 4500
020 ## - INTERNATIONAL STANDARD BOOK NUMBER
ISBN 81-7655-102-3
082 ## - DEWEY DECIMAL CLASSIFICATION NUMBER
Classification number 001
Item number BLU/M
100 ## - MAIN ENTRY--AUTHOR NAME
Personal name BLUM, RAYMOND
245 ## - TITLE STATEMENT
Title MATH TRICKS, PUZZLES AND GAMES
260 ## - PUBLICATION, DISTRIBUTION, ETC. (IMPRINT)
Place of publication NEW YORK
Name of publisher STERLING PUBLISHING COMPANY
Year of publication 1994
300 ## - PHYSICAL DESCRIPTION
Number of Pages 125
520 ## - SUMMARY, ETC.
Summary, etc PUZZLES
650 ## - SUBJECT ADDED ENTRY--TOPICAL TERM
Topical Term PUZZLES
942 ## - ADDED ENTRY ELEMENTS (KOHA)
Koha item type Books
Holdings
Withdrawn status Lost status Collection code Home library Current library Shelving location Date acquired Source of acquisition Full call number Accession Number Koha item type
    Reference Main Library Main Library SHELF-17C--MATHS RELATED QUIZ BOOK 05/03/2002 Purchase 001 BLU/M 01011 Books